000 00643nam a2200253Ia 4500
003 OSt
005 20220924120306.0
006 a|||||r|||| 00| 0
007 ta
008 220923b |||||||| |||| 00| 0 urd d
020 _c15
024 _a321277
037 _cTextual
040 _aARTS
_cARTS
_burd
041 _2urd
_aurd
082 _aQ7, 168L9
100 _aKhan Wahiduddin Au.
_9181525
245 0 _aAl-Islam
260 _aDelhi
_bMaktaba-al-risalah India
_c1979
300 _a175p.
_ccm.
650 _aISLAM
_9577
942 _hQ7, 168L9
_cTEXL
_2CC
999 _c402156
_d402156